Statistics for Most Populated Latin American Countries

Click here to take the quiz!

General Stats

  • This quiz has been taken 53 times
  • The average score is 10 of 10

Answer Stats

PopAnswer% Correct
43,132,000Argentina
100%
204,519,000Brazil
100%
48,218,000Colombia
100%
127,500,000Mexico
100%
31,153,000Peru
100%
18,006,000Chile
98%
16,279,000Ecuador
98%
30,620,000Venezuela
98%
11,252,000Cuba
94%
16,176,000Guatemala
94%

Score Distribution

Percentile by Number Answered

Percent of People with Each Score

Your Score History

You have not taken this quiz